000 00606nam a2200193 a 4500
001 000044011
005 20201002045107.0
008 140513s1996 sp 000 0 spa d
020 _a8434465817
040 _aDO-SdBNP
_bspa
_cBNPHU
100 1 _aVillani, Pasquale
_971982
245 1 3 _aLa edad contemporánea, 1800-1914 /
_cPasquale Villani ; traducción de Salvador del Carril.
260 _aBarcelona :
_bAriel,
_c1996.
300 _a284 p. ;
_c24 cm.
490 1 _aAriel historia
504 _aBibligraría : p 274-278
700 1 2 _aCarril, Salvador del
_etr.
_971983
830 0 _aAriel historia
_99024
999 _c43500
_d43500